Top performance : (Record no. 172229)
[ view plain ]
| 000 -LEADER | |
|---|---|
| fixed length control field | 00695cam a2200217 a 4500 |
| 001 - CONTROL NUMBER | |
| control field | vtls001064060 |
| 003 - CONTROL NUMBER IDENTIFIER | |
| control field | MY-SjTCS |
| 005 - DATE AND TIME OF LATEST TRANSACTION | |
| control field | 20200226120853.0 |
| 008 - FIXED-LENGTH DATA ELEMENTS--GENERAL INFORMATION | |
| fixed length control field | 110218s1985 my 00 0 eng |
| 020 ## - INTERNATIONAL STANDARD BOOK NUMBER | |
| International Standard Book Number | 9838970239 |
| 039 #9 - LEVEL OF BIBLIOGRAPHIC CONTROL AND CODING DETAIL [OBSOLETE] | |
| Level of rules in bibliographic description | 201406271346 |
| Level of effort used to assign nonsubject heading access points | pushpa |
| Level of effort used to assign subject headings | 201102181655 |
| Level of effort used to assign classification | VLOAD |
| -- | 200407271844 |
| -- | VLOAD |
| 082 04 - DEWEY DECIMAL CLASSIFICATION NUMBER | |
| Classification number | 153.8 |
| Item number | ZIG |
| 100 1# - MAIN ENTRY--PERSONAL NAME | |
| Personal name | Ziglar, Zig. |
| 9 (RLIN) | 32519 |
| 245 10 - TITLE STATEMENT | |
| Title | Top performance : |
| Remainder of title | how to develop excellence in yourself and others / |
| Statement of responsibility, etc. | Zig Ziglar with Jim Savage |
| 260 ## - PUBLICATION, DISTRIBUTION, ETC. | |
| Place of publication, distribution, etc. | Kuala Lumpur : |
| Name of publisher, distributor, etc. | Castle, |
| Date of publication, distribution, etc. | 1985 |
| 300 ## - PHYSICAL DESCRIPTION | |
| Extent | 288 p. ; |
| Dimensions | 23 cm. |
| 650 #0 - SUBJECT ADDED ENTRY--TOPICAL TERM | |
| Topical term or geographic name entry element | Employee motivation. |
| 650 #0 - SUBJECT ADDED ENTRY--TOPICAL TERM | |
| Topical term or geographic name entry element | Personnel management. |
| 700 1# - ADDED ENTRY--PERSONAL NAME | |
| Personal name | Savage, Jim. |
| Relator term | (j.a) |
| 9 (RLIN) | 5545 |
| 920 ## - Programme | |
| Programme | SABD : 520375 |
| Withdrawn status | Lost status | Source of classification or shelving scheme | Damaged status | Not for loan | Home library | Current library | Date acquired | Total Checkouts | Barcode | Date last seen | Date last checked out | Copy number | Uniform Resource Identifier | Koha item type | Public note |
|---|---|---|---|---|---|---|---|---|---|---|---|---|---|---|---|
| Dewey Decimal Classification | Taylor's Library-TU | Taylor's Library-TU | 27/07/2004 | 3 | 5000045728 | 12/12/2019 | 31/01/2019 | 1 | Floor 3, Shelf 2 , Side 2, TierNo 3, BayNo 5 | Main Collection | SABDx,23003,02,GR |